Special Diets for Special Kids : (Record no. 597846)

MARC details
000 -LEADER
fixed length control field 00499nam a2200193 a 4500
008 - FIXED-LENGTH DATA ELEMENTS--GENERAL INFORMATION
fixed length control field 251116s1998##################000#0#eng##
020 ## - INTERNATIONAL STANDARD BOOK NUMBER
ISBN 9781885477446
082 04 - DEWEY DECIMAL CLASSIFICATION NUMBER
Classification number 615.354
Item number LEW
100 1# - MAIN ENTRY--AUTHOR NAME
Personal name Lewis, Lisa S.,
245 10 - TITLE STATEMENT
Title Special Diets for Special Kids :
260 ## - PUBLICATION, DISTRIBUTION, ETC. (IMPRINT)
Name of publisher Future Horizons,
Year of publication 1998.
300 ## - PHYSICAL DESCRIPTION
Number of Pages 270 pages
650 #0 - SUBJECT ADDED ENTRY--TOPICAL TERM
Topical Term Cooking.
942 ## - ADDED ENTRY ELEMENTS (KOHA)
Koha item type English Books
Holdings
Withdrawn status Lost status Damaged status Not for loan Home library Current library Shelving location Date acquired Full call number Accession Number Price effective from Koha item type
        Anna Centenary Library Anna Centenary Library 5TH FLOOR, B WING 16.11.2025 615.354 LEW 422553 16.11.2025 English Books

Find us on the map